000 03024nam0a2200409 4500
001 RU\NLR\BIBL_A\012825536
005 20220907164818.0
010 _a978-5-9266-1782-2
_950
021 _aRU
_bКН-П-22-019911
_9КН-П-22-1699
035 _a(NLR Aleph) 012825536
035 _a(RuMoRGB)011024823
090 _a12336860
_c12336860
100 _a20220622d2021 u y0rusy50 ca
101 0 _arus
102 _aRU
105 _a |||j|||000zy
181 0 _ai3
_baxxe
182 0 _an
200 1 _aДеньги, кредит, банки
_eучебное пособие
_eдля курсантов, обучающихся по специальности 38.05.01 - Экономическая безопасность
_fКраснодарский университет МВД России
_gсоставители: К. В. Быкова, Н. Н. Калинина
203 _aТекст
_bвизуальный
_cнепосредственный
210 _aКраснодар
_cКраснодарский университет МВД России
_d2021
215 _a305 с.
_cил., табл.
_d21
320 _aБиблиогр.: с. 301-302
330 _aВ пособии раскрыты основные вопросы, направленные на изучение теории денег, кредита и банков, рассмотрены практические аспекты их сущности, функций и роли в современной рыночной экономике. Учебное пособие подготовлено в соответствии с требованиями действующего Государственного образовательного стандарта высшего профессионального образования для курсантов, обучающихся по специальности Экономическая безопасность
606 1 _aДеньги
_jУчебные издания для высших учебных заведений
_yРоссийская Федерация
_92097871
_3RU\NLR\AUTH\661269142
606 1 _aКредит
_jУчебные издания для высших учебных заведений
_yРоссийская Федерация
_92097873
_3RU\NLR\AUTH\661269143
606 1 _aБанки
_jУчебные издания для высших учебных заведений
_yРоссийская Федерация
_92077670
_3RU\NLR\AUTH\661253351
686 1 _aУ26(2)26(2Р)я73
686 1 _aУ26(2)22(2Р)я73
686 1 _aУ26(2)210(2Р)я73
702 1 _4220
_aБыкова
_bК. В.
_cканд. экон. наук
_gКристина Викторовна
_9246033
_3RU\NLR\AUTH\770246089
712 0 2 _4475
_aКраснодарский университет МВД России
_9746802
_3RU\NLR\AUTH\8810124602
942 _cBOOK
980 _aNB